Najgorsze Drużyny w Eliminacjach Mundiali (Ameryka Płd) - Statystyki

Ogólne statystyki
  • Ten quiz został rozwiązany 61 razy
  • Średni wynik to 17 z 18
Statystyki odpowiedzi
Bilans Bramki Reprezentacja % Poprawnych
2010 3-4-11 11:34 Peru
95%
1994 0-1-5 4:12 Peru
95%
2006 4-2-12 20:37 Boliwia
93%
1974 0-0-4 1:11 Boliwia
93%
2022 3-1-14 14:34 Wenezuela
93%
2018 2-6-10 19:35 Wenezuela
93%
1998 0-3-13 8:41 Wenezuela
93%
1990 0-0-4 1:18 Wenezuela
93%
1986 0-1-5 5:15 Wenezuela
93%
1982 1-0-3 1:9 Wenezuela
93%
1970 0-1-5 1:18 Wenezuela
93%
1966 0-0-4 4:15 Wenezuela
93%
1978 0-1-3 1:9 Ekwador
92%
1962 0-0-2 3:11 Ekwador
92%
2002 3-3-12 15:27 Chile
90%
1954 0-0-4 1:10 Chile
90%
2014 3-3-10 17:31 Paragwaj
90%
1958 0-1-3 3:8 Kolumbia
89%
Nie znaleziono quizów pasujących do podanych kryteriów
Rozkład punktacji
Procent ludzi z każdym wynikiem
Percentyl według liczby udzielonych odpowiedzi
Twoja historia wyników
Nie rozwiązałeś tego quizu